Joueurs de football par images - R - Statistiques

Statistiques générales
  • Ce quiz a été pris 1 693 fois
  • Le résultat moyen est 15 sur 20
Statistiques - réponses
Par images Réponse % Correct
Cristiano Ronaldo
100%
Franck Ribéry
98%
Ronaldinho
98%
Sergio Ramos
98%
Adrien Rabiot
97%
Wayne Rooney
93%
Antonio Rüdiger
91%
Marcus Rashford
91%
Marco Reus
90%
Arjen Robben
89%
James Rodríguez
86%
Rivaldo
81%
Raúl
77%
Andrew Robertson
76%
Juan Román Riquelme
56%
Frank Rijkaard
54%
Aaron Ramsey
46%
Romário
40%
Karl-Heinz Rummenigge
16%
Paolo Rossi
15%
Aucun quiz correspondant
Distribution des résultats
% des personnes avec chaque résultat
Percentile par nombre de réponses
Votre historique - résultats
Vous n’avez pas pris ce quiz